[Event "Avoine op 24th"]
[Site "Avoine"]
[Date "2009.07.25"]
[Round "8"]
[White "Berthelot, Maeva"]
[Black "Lemasle, Raphael"]
[Result "0-1"]
[WhiteElo "1825"]
[BlackElo "2072"]
[PlyCount "94"]
[EventDate "2009.07.18"]
[EventType "swiss"]
[EventRounds "9"]
[EventCountry "FRA"]
[SourceTitle "CBM 131 Extra"]
[Source "ChessBase"]
[SourceDate "2009.09.03"]
[SourceVersion "2"]
[SourceVersionDate "2009.09.16"]
[SourceQuality "1"]

1. e4 e6 2. d4 c5 3. d5 exd5 4. exd5 d6 5. c4 Nf6 6. Nf3 Be7 7. Be2 0-0 8. 0-0 Na6 9. Nc3 Nc7 10. h3 Rb8 11. Re1 Bd7 12. a4 b6 13. Bf4 a6 14. Qc2 b5 15. axb5 axb5 16. b3 Rb6 17. Bd3 Re8 18. Nd2 Na6 19. Na2 h6 20. Nf3 Qb8 21. Reb1 Nh5 22. Bd2 Qb7 23. Kf1 Rb8 24. Ba5 Bf6 25. Bxb6 Bxa1 26. cxb5 Bf6 27. bxa6 Qxb6 28. b4 Bb5 29. Bxb5 Qxb5+ 30. Qe2 c4 31. Nd2 Qxa6 32. Qxc4 Qa8 33. Nc1 Bg5 34. Ndb3 Rc8 35. Qd3 Nf4 36. Qd4 Nxd5 37. Ne2 Bf6 38. Qe4 Re8 39. Qc4 Qa2 40. Re1 Qa8 41. Rd1 Nb6 42. Qb5 Qe4 43. Rxd6 Nc4 44. Rd2 Nxd2+ 45. Nxd2 Qa8 46. Qa5 Qc8 47. Nf3 Qc4 0-1

[Event "Avoine op 24th"]
[Site "Avoine"]
[Date "2009.07.23"]
[Round "6"]
[White "Berthelot, Maeva"]
[Black "Giua, Stephanie"]
[Result "1/2-1/2"]
[WhiteElo "1825"]
[BlackElo "1989"]
[PlyCount "76"]
[EventDate "2009.07.18"]
[EventType "swiss"]
[EventRounds "9"]
[EventCountry "FRA"]
[SourceTitle "CBM 131 Extra"]
[Source "ChessBase"]
[SourceDate "2009.09.03"]
[SourceVersion "2"]
[SourceVersionDate "2009.09.16"]
[SourceQuality "1"]

1. e4 c5 2. c4 d6 3. Nc3 Nf6 4. g3 g6 5. Bg2 Bg7 6. Nge2 Nc6 7. 0-0 0-0 8. d3 a6 9. h3 Qc7 10. Be3 Rb8 11. a4 e6 12. b3 Nd7 13. Rb1 Qa5 14. Qd2 Re8 15. d4 Ne7 16. Rfd1 Qc7 17. Kh2 e5 18. d5 f5 19. Bh6 Nf6 20. Bxg7 Kxg7 21. Qd3 Rf8 22. Rf1 Neg8 23. Rbe1 fxe4 24. Nxe4 Nxe4 25. Bxe4 Nf6 26. Bg2 Bf5 27. Qe3 Rbe8 28. Rc1 Rf7 29. Nc3 Qe7 30. Ne4 Nxe4 31. Bxe4 Bxe4 32. Qxe4 Qf8 33. Kg2 Ree7 34. Rc3 Rf6 35. Rf3 Ref7 36. Rxf6 Rxf6 37. Qe3 Qf7 38. Qe2 h6 1/2-1/2

[Event "FRA-chT2 West 0809"]
[Site "France"]
[Date "2009.04.05"]
[Round "11.7"]
[White "Berthelot, Maeva"]
[Black "Betton, Olivier"]
[Result "0-1"]
[WhiteElo "1809"]
[BlackElo "2185"]
[PlyCount "38"]
[EventDate "2008.10.19"]
[EventType "tourn"]
[EventRounds "11"]
[EventCountry "FRA"]
[SourceTitle "EXT 2010"]
[Source "ChessBase"]
[SourceDate "2010.11.25"]
[SourceVersion "1"]
[SourceVersionDate "2010.11.25"]
[SourceQuality "1"]
[WhiteTeam "Nantes II"]
[BlackTeam "Evry Grand Roque II"]
[WhiteTeamCountry "FRA"]
[BlackTeamCountry "FRA"]

1. e4 c6 2. d4 d5 3. Nc3 dxe4 4. Nxe4 Bf5 5. Ng3 Bg6 6. Nf3 Nd7 7. Bc4 e6 8. Bf4 Ngf6 9. 0-0 Nd5 10. Bg5 Qc7 11. Nh4 Bd6 12. Nxg6 hxg6 13. Bd2 0-0-0 14. Qc1 N7f6 15. f4 Rh4 16. Ne2 g5 17. Bd3 gxf4 18. Be1 Rh5 19. h3 g5 0-1

[Event "FRA-chT2 West 0809"]
[Site "France"]
[Date "2009.03.14"]
[Round "8.8"]
[White "Berthelot, Maeva"]
[Black "Wasylyk, Laure"]
[Result "0-1"]
[WhiteElo "1823"]
[BlackElo "2141"]
[PlyCount "84"]
[EventDate "2008.10.19"]
[EventType "tourn"]
[EventRounds "11"]
[EventCountry "FRA"]
[SourceTitle "EXT 2010"]
[Source "ChessBase"]
[SourceDate "2010.11.25"]
[SourceVersion "1"]
[SourceVersionDate "2010.11.25"]
[SourceQuality "1"]
[WhiteTeam "Nantes II"]
[BlackTeam "Issy les Moulineaux"]
[WhiteTeamCountry "FRA"]
[BlackTeamCountry "FRA"]

1. e4 e5 2. d4 exd4 3. Qxd4 Nc6 4. Qe3 d6 5. Bd2 Nf6 6. Nc3 Be7 7. Be2 Be6 8. 0-0-0 d5 9. exd5 Nxd5 10. Nxd5 Qxd5 11. Qb3 Qxd2+ 12. Kxd2 Bxb3 13. axb3 0-0-0+ 14. Kc1 Bg5+ 15. Kb1 Rxd1+ 16. Bxd1 Bh4 17. g3 Bf6 18. Bg4+ Kb8 19. Nf3 h5 20. Bf5 g6 21. Bd3 Kc8 22. Bc4 Rf8 23. c3 Na5 24. Nd2 Nxc4 25. Nxc4 Re8 26. Ne3 Bg5 27. Re1 Bxe3 28. Rxe3 Rxe3 29. fxe3 Kd7 30. Kc2 Kd6 31. Kd3 Ke5 32. e4 f6 33. Ke3 g5 34. h3 a5 35. g4 hxg4 36. hxg4 b5 37. Kf3 c5 38. Ke3 b4 39. Kf3 bxc3 40. bxc3 c4 41. b4 a4 42. b5 Kd6 0-1

[Event "Breizh Masters (Women)"]
[Site "Guingamp"]
[Date "2009.02.19"]
[Round "7"]
[White "Peyre, Camille"]
[Black "Berthelot, Maeva"]
[Result "0-1"]
[WhiteElo "1902"]
[BlackElo "1823"]
[PlyCount "46"]
[EventDate "2009.02.13"]
[EventType "tourn"]
[EventRounds "9"]
[EventCountry "FRA"]
[SourceTitle "CBM 128 Extra"]
[Source "ChessBase"]
[SourceDate "2009.03.05"]
[SourceVersion "2"]
[SourceVersionDate "2009.03.25"]
[SourceQuality "1"]

1. d4 Nf6 2. c4 g6 3. Nc3 d5 4. cxd5 Nxd5 5. Bd2 Nb6 6. Nf3 Bg7 7. Bf4 0-0 8. e3 c5 9. Nb5 Nd5 10. Be5 Bxe5 11. Nxe5 cxd4 12. Qxd4 Qa5+ 13. Qd2 Nb4 14. Rc1 N8c6 15. Nxc6 bxc6 16. Nd4 c5 17. Nb3 Qb6 18. Nxc5 Rd8 19. Qe2 Nxa2 20. Qc4 Nxc1 21. Qxc1 Qa5+ 22. Ke2 Bf5 23. e4 Rac8 0-1

[Event "Breizh Masters (Women)"]
[Site "Guingamp"]
[Date "2009.02.18"]
[Round "6"]
[White "Berthelot, Maeva"]
[Black "Sandu, Mihaela"]
[Result "1/2-1/2"]
[WhiteElo "1823"]
[BlackElo "2285"]
[PlyCount "81"]
[EventDate "2009.02.13"]
[EventType "tourn"]
[EventRounds "9"]
[EventCountry "FRA"]
[SourceTitle "CBM 128 Extra"]
[Source "ChessBase"]
[SourceDate "2009.03.05"]
[SourceVersion "2"]
[SourceVersionDate "2009.03.25"]
[SourceQuality "1"]

1. e4 c5 2. Nf3 d6 3. d4 cxd4 4. Nxd4 Nf6 5. Nc3 a6 6. Be3 e6 7. g4 b5 8. g5 Nfd7 9. a3 Bb7 10. h4 Nc6 11. h5 Nxd4 12. Qxd4 Ne5 13. Be2 Rc8 14. 0-0-0 Nc4 15. g6 hxg6 16. hxg6 Rxh1 17. gxf7+ Kxf7 18. Rxh1 Nxe3 19. Qxe3 Rc5 20. f4 Qf6 21. Rf1 Ke8 22. Kb1 Kd8 23. e5 Qf7 24. exd6 Bxd6 25. Bg4 e5 26. Rd1 Kc7 27. fxe5 Rxe5 28. Qd3 Qe7 29. Bf3 Re1 30. Nd5+ Bxd5 31. Qxd5 Rxd1+ 32. Bxd1 Qe5 33. Qa8 Qe1 34. Qa7+ Kd8 35. Qd4 Ke7 36. Ka2 Qe6+ 37. Kb1 Be5 38. Qe4 Bf6 39. Qxe6+ Kxe6 40. b4 Kd6 41. Bf3 1/2-1/2

[Event "Breizh Masters (Women)"]
[Site "Guingamp"]
[Date "2009.02.14"]
[Round "2"]
[White "Le Bail, Clara"]
[Black "Berthelot, Maeva"]
[Result "0-1"]
[WhiteElo "2040"]
[BlackElo "1823"]
[PlyCount "58"]
[EventDate "2009.02.13"]
[EventType "tourn"]
[EventRounds "9"]
[EventCountry "FRA"]
[SourceTitle "CBM 128 Extra"]
[Source "ChessBase"]
[SourceDate "2009.03.05"]
[SourceVersion "2"]
[SourceVersionDate "2009.03.25"]
[SourceQuality "1"]

1. e4 c5 2. c3 Nf6 3. e5 Nd5 4. Nf3 Nc6 5. Bc4 Nb6 6. Bb3 c4 7. Bc2 Qc7 8. Qe2 g5 9. h3 Bg7 10. 0-0 h6 11. Re1 d5 12. exd6 Qxd6 13. b3 g4 14. hxg4 Bxg4 15. Qe4 f5 16. Qe6 Qxe6 17. Rxe6 Kf7 18. Re1 Bxf3 19. gxf3 Ne5 20. Kg2 e6 21. bxc4 Bf6 22. d4 Rhg8+ 23. Kh3 Nxf3 24. Re3 Ng1+ 25. Kh2 Bg5 26. Nd2 Bf4+ 27. Kh1 Bxe3 28. fxe3 Rg5 29. Bd1 Rag8 0-1

[Event "Breizh Masters (Women)"]
[Site "Guingamp"]
[Date "2009.02.13"]
[Round "1"]
[White "Berthelot, Maeva"]
[Black "Fomichenko, Svetlana"]
[Result "1-0"]
[WhiteElo "1823"]
[BlackElo "2271"]
[PlyCount "108"]
[EventDate "2009.02.13"]
[EventType "tourn"]
[EventRounds "9"]
[EventCountry "FRA"]
[SourceTitle "CBM 128 Extra"]
[Source "ChessBase"]
[SourceDate "2009.03.05"]
[SourceVersion "2"]
[SourceVersionDate "2009.03.25"]
[SourceQuality "1"]

1. e4 c5 2. Nf3 Nc6 3. d4 cxd4 4. Nxd4 e5 5. Nb5 d6 6. Be3 a6 7. N5c3 Nf6 8. Bc4 Be7 9. Nd5 Nxd5 10. Bxd5 0-0 11. 0-0 Bg5 12. Re1 Bxe3 13. Rxe3 Qe7 14. Na3 Be6 15. Nc4 Rad8 16. c3 Bxd5 17. Qxd5 Qc7 18. Rh3 Ne7 19. Qd3 Ng6 20. g3 Qc8 21. Qf1 Qc6 22. Qe2 Rfe8 23. Rd1 d5 24. exd5 Rxd5 25. Ne3 Rxd1+ 26. Qxd1 Qe6 27. Rh5 Qxa2 28. Qd7 Qb1+ 29. Nf1 Rf8 30. Qxb7 a5 31. Rg5 Qd1 32. Rf5 h6 33. Kg2 Qd6 34. Ne3 f6 35. Rf3 Ne7 36. Nc4 Qc5 37. Nxa5 Qxa5 38. Qxe7 Qd5 39. Qb4 f5 40. c4 Qc6 41. Qb5 Qxb5 42. cxb5 Rb8 43. Rb3 Rb6 44. f4 exf4 45. gxf4 Kf7 46. Kf3 g5 47. Ke3 Ke6 48. Kd4 Kd6 49. Rh3 Kc7 50. Rc3+ Kb7 51. Rc5 Rf6 52. Rc6 Rf7 53. Rxh6 gxf4 54. Rh4 Kb6 1-0

[Event "Nantes op 7th"]
[Site "Nantes"]
[Date "2008.??.??"]
[Round "1"]
[White "Berthelot, Maeva"]
[Black "Picard, Remi"]
[Result "1/2-1/2"]
[WhiteElo "1815"]
[BlackElo "2025"]
[PlyCount "54"]
[EventDate "2008.12.26"]
[EventType "swiss"]
[EventRounds "9"]
[EventCountry "FRA"]
[SourceTitle "CBM 128 Extra"]
[Source "ChessBase"]
[SourceDate "2009.03.05"]
[SourceVersion "2"]
[SourceVersionDate "2009.03.25"]
[SourceQuality "1"]

1. e4 e6 2. d4 d5 3. e5 c5 4. dxc5 Nc6 5. Nf3 Bxc5 6. Bd3 Nge7 7. 0-0 Ng6 8. Bxg6 hxg6 9. Bf4 b6 10. c3 a5 11. a4 Ba6 12. Re1 Rb8 13. Nbd2 b5 14. Nb3 Qb6 15. Nxc5 Qxc5 16. Be3 Qe7 17. Nd4 Nxd4 18. Bxd4 b4 19. Re3 b3 20. Qd2 Bc4 21. Rf3 Rh5 22. Qe3 Qc7 23. Rh3 Rxh3 24. Qxh3 Qe7 25. Re1 Kd7 26. Qe3 Kc6 27. Ra1 Rb7 1/2-1/2

[Event "FRA-chT U20 0304"]
[Site "France"]
[Date "2004.05.02"]
[Round "11"]
[White "Sainet, Bertrand"]
[Black "Berthelot, Maeva"]
[Result "1-0"]
[WhiteElo "1530"]
[BlackElo "1570"]
[PlyCount "101"]
[EventDate "2003.11.??"]
[EventType "team-tourn"]
[EventRounds "11"]
[EventCountry "FRA"]
[SourceTitle "EXT 2005"]
[Source "ChessBase"]
[SourceDate "2004.11.15"]
[SourceVersion "1"]
[SourceVersionDate "2004.11.15"]
[SourceQuality "1"]
[WhiteTeam "Nancy"]
[BlackTeam "Sautron"]
[WhiteTeamCountry "FRA"]
[BlackTeamCountry "FRA"]

1. e4 d5 2. exd5 Qxd5 3. Nc3 Qd6 4. d4 Nf6 5. Nf3 a6 6. Bc4 b5 7. Bb3 Bb7 8. Be3 e6 9. a3 Be7 10. 0-0 0-0 11. Qe2 Nbd7 12. Rfe1 Ng4 13. Ne5 Ngxe5 14. dxe5 Qc6 15. f4 Nc5 16. Rf1 Nxb3 17. cxb3 Bc5 18. Bxc5 Qxc5+ 19. Qf2 Qxf2+ 20. Rxf2 Rfd8 21. Rd1 Rxd1+ 22. Nxd1 Rd8 23. Nc3 Bd5 24. Rd2 Kf8 25. b4 Ke7 26. Kf2 Bc6 27. Rxd8 Kxd8 28. g3 Kd7 29. Ke3 Bd5 30. Kd4 Kc6 31. Nxd5 exd5 32. g4 g6 33. g5 Kd7 34. Kxd5 c6+ 35. Kc5 Ke6 36. Kxc6 Kf5 37. Kb6 Kxf4 38. Kxa6 Kxe5 39. Kxb5 Kf5 40. Ka6 Kxg5 41. b5 f5 42. b6 f4 43. b7 f3 44. b8Q Kf5 45. Qg3 Ke4 46. Qf2 h5 47. b4 g5 48. b5 g4 49. b6 Kf4 50. b7 Ke4 51. b8Q 1-0

[Event "FRA-chT U20 0304"]
[Site "France"]
[Date "2004.05.01"]
[Round "10"]
[White "Berthelot, Maeva"]
[Black "Buscara, Sevan"]
[Result "1-0"]
[WhiteElo "1570"]
[BlackElo "1440"]
[PlyCount "45"]
[EventDate "2003.11.??"]
[EventType "team-tourn"]
[EventRounds "11"]
[EventCountry "FRA"]
[SourceTitle "EXT 2005"]
[Source "ChessBase"]
[SourceDate "2004.11.15"]
[SourceVersion "1"]
[SourceVersionDate "2004.11.15"]
[SourceQuality "1"]
[WhiteTeam "Sautron"]
[BlackTeam "Montpellier"]
[WhiteTeamCountry "FRA"]
[BlackTeamCountry "FRA"]

1. e4 e6 2. d4 d5 3. exd5 exd5 4. Bd3 Bd6 5. Nf3 Bg4 6. 0-0 c6 7. Re1+ Ne7 8. Bg5 f6 9. Bh4 Qc7 10. Nbd2 Bxh2+ 11. Kh1 Bf4 12. Nb3 g5 13. Bg3 Bxg3 14. fxg3 h5 15. Nc5 h4 16. gxh4 Rxh4+ 17. Nxh4 Bxd1 18. Bg6+ Kd8 19. Ne6+ Kc8 20. Nxc7 Kxc7 21. Rxe7+ Kd6 22. Rxd1 gxh4 23. Rde1 1-0

[Event "France-ch U12 Girls"]
[Site "Reims"]
[Date "2004.04.23"]
[Round "7"]
[White "Berthelot, Maeva"]
[Black "Dourerassou, Cynthia"]
[Result "1-0"]
[WhiteElo "1660"]
[BlackElo "1590"]
[PlyCount "149"]
[EventDate "2004.04.??"]
[EventType "swiss"]
[EventRounds "9"]
[EventCountry "FRA"]
[SourceTitle "EXT 2005"]
[Source "ChessBase"]
[SourceDate "2004.11.15"]
[SourceVersion "1"]
[SourceVersionDate "2004.11.15"]
[SourceQuality "1"]

1. e4 e5 2. d4 exd4 3. Qxd4 Nc6 4. Qe3 Nf6 5. Nc3 Bb4 6. Bd2 0-0 7. 0-0-0 Re8 8. f3 d5 9. Qf2 dxe4 10. Bg5 Qe7 11. Nd5 Qe6 12. Bxf6 gxf6 13. fxe4 Kf8 14. Kb1 Ba5 15. Bd3 Ne7 16. Nxf6 Rd8 17. Ne2 Qb6 18. Qxb6 axb6 19. Nxh7+ Kg7 20. Ng5 Bd7 21. Bc4 Bg4 22. h3 Rxd1+ 23. Rxd1 Bh5 24. Rd7 Ng8 25. g4 Bg6 26. Nxf7 Nf6 27. Re7 Bb4 28. Rxc7 Nxe4 29. Ng5+ Kh6 30. Nxe4 Bxe4 31. a3 Bd6 32. Rd7 Bf8 33. Bd5 Re8 34. Bxe4 Rxe4 35. Nc3 Re7 36. Rxe7 Bxe7 37. Ne4 Kg6 38. Kc1 Kf7 39. Kd2 Ke6 40. c4 Ke5 41. Ke3 Bh4 42. Nc3 Bg5+ 43. Kd3 Kf4 44. Nd5+ Kg3 45. Nxb6 Kxh3 46. Nd7 Kxg4 47. Nc5 b6 48. Nd7 Bd8 49. Kd4 Kf3 50. Kd5 Ke3 51. c5 bxc5 52. Nxc5 Kd2 53. b4 Kc3 54. b5 Kb2 55. a4 Ka3 56. Kc6 Kb4 57. b6 Bh4 58. b7 Bg3 59. Kb6 Bh2 60. a5 Bd6 61. Na6+ Ka4 62. b8Q Bxb8 63. Nxb8 Kb4 64. a6 Kc4 65. a7 Kd5 66. a8Q+ Kd6 67. Qc6+ Ke7 68. Qd7+ Kf8 69. Nc6 Kg8 70. Ne5 Kh8 71. Kc6 Kg8 72. Kd6 Kh8 73. Ke6 Kg8 74. Kf6 Kh8 75. Qg7# 1-0

[Event "France-ch U12 Girls"]
[Site "Reims"]
[Date "2004.04.19"]
[Round "3"]
[White "Berthelot, Maeva"]
[Black "Lefevre, Margaux"]
[Result "1/2-1/2"]
[WhiteElo "1660"]
[BlackElo "1520"]
[PlyCount "160"]
[EventDate "2004.04.??"]
[EventType "swiss"]
[EventRounds "9"]
[EventCountry "FRA"]
[SourceTitle "EXT 2005"]
[Source "ChessBase"]
[SourceDate "2004.11.15"]
[SourceVersion "1"]
[SourceVersionDate "2004.11.15"]
[SourceQuality "1"]

1. e4 e6 2. d4 d5 3. exd5 exd5 4. Bd3 Nc6 5. c3 Bd6 6. Nf3 Bg4 7. 0-0 Nf6 8. Bg5 h6 9. Bh4 0-0 10. Nbd2 Re8 11. Qb3 Rb8 12. Bxf6 gxf6 13. Rfe1 Re7 14. Rxe7 Nxe7 15. Re1 a6 16. h3 Bh5 17. Nh4 Bg6 18. Bc2 b5 19. Bb1 c6 20. Qd1 Bxb1 21. Qxb1 Qd7 22. Nb3 Re8 23. Qd3 Ng6 24. Rxe8+ Qxe8 25. Nf5 Qe1+ 26. Qf1 Qxf1+ 27. Kxf1 Bf4 28. g3 Bc7 29. Nxh6+ Kf8 30. Nf5 Ke8 31. Nc5 a5 32. b3 Kd8 33. h4 Ke8 34. h5 Nh8 35. Ke2 Bb6 36. Kd3 Bxc5 37. dxc5 Kd7 38. Nd4 Kc7 39. c4 dxc4+ 40. bxc4 b4 41. Kc2 a4 42. f4 Kd7 43. g4 Kc7 44. g5 fxg5 45. fxg5 Kd7 46. Kb2 Kc7 47. Ne2 Kd7 48. Nf4 Ke7 49. Kc2 Kf8 50. g6 fxg6 51. hxg6 Kg7 52. Ne6+ Kxg6 53. Nd4 Kf7 54. Nxc6 b3+ 55. axb3 axb3+ 56. Kxb3 Ke8 57. Kb4 Kd7 58. Kb5 Kc7 59. Ne5 Kb7 60. c6+ Kc7 61. Ka6 Kc8 62. c5 Kc7 63. Kb5 Kc8 64. Kb6 Kb8 65. Nd7+ Kc8 66. c7 Nf7 67. Nf8 Ne5 68. Ne6 Nd7+ 69. Kc6 Ne5+ 70. Kd5 Nd3 71. Kd6 Nb2 72. Nd4 Nc4+ 73. Kd5 Ne3+ 74. Kc6 Nf5 75. Nb5 Ne7+ 76. Kd6 Nf5+ 77. Ke6 Ne3 78. Ke7 Nc4 79. Nd6+ Kxc7 80. Nxc4 Kc6 1/2-1/2

[Event "FRA-chT U20 0203"]
[Site "Clichy"]
[Date "2003.05.04"]
[Round "11.10"]
[White "Berthelot, Maeva"]
[Black "Ledouble, Ugo"]
[Result "1-0"]
[WhiteElo "1380"]
[BlackElo "1250"]
[PlyCount "143"]
[EventDate "2002.12.??"]
[EventType "team-tourn"]
[EventRounds "11"]
[EventCountry "FRA"]
[SourceTitle "EXT 2004"]
[Source "ChessBase"]
[SourceDate "2003.11.25"]
[SourceVersion "1"]
[SourceVersionDate "2003.11.25"]
[SourceQuality "1"]
[WhiteTeam "Sautron"]
[BlackTeam "Cannes"]
[WhiteTeamCountry "FRA"]
[BlackTeamCountry "FRA"]

1. e4 e5 2. d4 exd4 3. Qxd4 Nc6 4. Qe3 Nf6 5. Nc3 b6 6. Bd2 Bc5 7. Qg3 0-0 8. 0-0-0 g6 9. f4 Kh8 10. Nf3 d6 11. Ng5 Bd4 12. Qh4 h5 13. h3 Bxc3 14. Bxc3 Kg8 15. Bd3 Nh7 16. Nf3 Qe8 17. g4 d5 18. exd5 Qe3+ 19. Kb1 Qxf3 20. dxc6 Qxf4 21. Bd2 Qd6 22. gxh5 Qd8 23. Qxd8 Rxd8 24. hxg6 fxg6 25. Bxg6 Nf6 26. Bg5 Rf8 27. Bxf6 Rxf6 28. Rhg1 Kg7 29. Bf5+ Kf7 30. Bxc8 Rxc8 31. Rd7+ Ke6 32. Re1+ Kf5 33. Rf1+ Kg5 34. Rxf6 Kxf6 35. Kc1 Kg5 36. Rh7 Kg6 37. Rd7 a5 38. Rd1 Kg5 39. Rh1 Kh4 40. Kd2 Rd8+ 41. Ke2 Rd6 42. Rd1 Rxc6 43. Rd3 Rxc2+ 44. Rd2 Rxd2+ 45. Kxd2 Kxh3 46. Kd3 b5 47. Kd4 c6 48. Kc5 a4 49. Kxc6 b4 50. Kc5 a3 51. b3 Kg3 52. Kxb4 Kf3 53. Kxa3 Ke4 54. b4 Kd5 55. Kb3 Kc6 56. a4 Kb6 57. Kc4 Ka6 58. a5 Kb7 59. b5 Ka7 60. Kc5 Kb7 61. a6+ Kb8 62. b6 Ka8 63. Kc6 Kb8 64. b7 Ka7 65. Kc7 Kxa6 66. b8Q Ka5 67. Qb6+ Ka4 68. Kc6 Ka3 69. Kc5 Ka2 70. Kc4 Ka1 71. Kc3 Ka2 72. Qb2# 1-0

[Event "FRA-chT U20 0203"]
[Site "Clichy"]
[Date "2003.05.03"]
[Round "10.9"]
[White "Sarfati, Johan"]
[Black "Berthelot, Maeva"]
[Result "1-0"]
[WhiteElo "1340"]
[BlackElo "1380"]
[PlyCount "97"]
[EventDate "2002.12.??"]
[EventType "team-tourn"]
[EventRounds "11"]
[EventCountry "FRA"]
[SourceTitle "EXT 2004"]
[Source "ChessBase"]
[SourceDate "2003.11.25"]
[SourceVersion "1"]
[SourceVersionDate "2003.11.25"]
[SourceQuality "1"]
[WhiteTeam "Montpellier"]
[BlackTeam "Sautron"]
[WhiteTeamCountry "FRA"]
[BlackTeamCountry "FRA"]

1. e4 d5 2. exd5 Qxd5 3. Nc3 Qd6 4. d4 Nf6 5. Nf3 a6 6. Bd3 Bg4 7. 0-0 e6 8. Re1 Be7 9. Be3 0-0 10. Ne4 Nxe4 11. Bxe4 Nc6 12. c3 f5 13. Bd3 e5 14. dxe5 Nxe5 15. Be2 Nxf3+ 16. Bxf3 Qxd1 17. Raxd1 Bxf3 18. gxf3 Rad8 19. Bf4 c6 20. Rxd8 Bxd8 21. Kf1 h6 22. Bd6 Kf7 23. Bxf8 Kxf8 24. Re5 g6 25. Re6 Kf7 26. Rd6 Be7 27. Rd7 b6 28. Rc7 c5 29. Rb7 b5 30. Ra7 a5 31. Rxa5 b4 32. cxb4 cxb4 33. a3 bxa3 34. bxa3 Bd6 35. h3 Ke6 36. Ke2 f4 37. Kd3 Be7 38. Ke4 g5 39. Ra6+ Bd6 40. a4 Ke7 41. Kf5 Bc5 42. Rxh6 Bxf2 43. Kxg5 Bg3 44. a5 Kd7 45. Rb6 Kc7 46. Rb1 Kc8 47. a6 Bf2 48. Kxf4 Kc7 49. h4 1-0

[Event "FRA-chT U20 0203"]
[Site "Clichy"]
[Date "2003.05.02"]
[Round "8.7"]
[White "Berthelot, Maeva"]
[Black "Palacios Aguilar, Diego Andre"]
[Result "0-1"]
[WhiteElo "1380"]
[BlackElo "1600"]
[PlyCount "106"]
[EventDate "2002.12.??"]
[EventType "team-tourn"]
[EventRounds "11"]
[EventCountry "FRA"]
[SourceTitle "EXT 2004"]
[Source "ChessBase"]
[SourceDate "2003.11.25"]
[SourceVersion "1"]
[SourceVersionDate "2003.11.25"]
[SourceQuality "1"]
[WhiteTeam "Sautron"]
[BlackTeam "Paris NAO"]
[WhiteTeamCountry "FRA"]
[BlackTeamCountry "FRA"]

1. e4 d5 2. exd5 Qxd5 3. Nc3 Qa5 4. d4 c6 5. Bd2 Nf6 6. Nf3 Bg4 7. Be2 Qb6 8. Na4 Qc7 9. 0-0 e6 10. Ne5 Bxe2 11. Qxe2 Bd6 12. Rad1 Nbd7 13. Nxd7 Nxd7 14. Qh5 Nf6 15. Qh3 h5 16. Nc3 0-0-0 17. Bg5 Rdg8 18. Rfe1 Ng4 19. g3 Qb6 20. Ne4 Bc7 21. b3 Qa6 22. a4 b6 23. Qf1 Qxf1+ 24. Rxf1 f6 25. Bc1 h4 26. f3 f5 27. Ng5 Nxh2 28. Kxh2 hxg3+ 29. Kg1 Rh2 30. Rd2 Rgh8 31. Rxh2 Rxh2 32. Nxe6 g2 33. Nxc7 gxf1Q+ 34. Kxf1 Rh1+ 35. Ke2 Rxc1 36. Kd2 Rh1 37. Ne6 g6 38. f4 Rh4 39. Ke3 Rg4 40. b4 Kb7 41. c3 a5 42. bxa5 bxa5 43. Nf8 Kb6 44. Nd7+ Kc7 45. Nf8 Kd6 46. c4 Ke7 47. Nh7 Rg3+ 48. Kd2 Ra3 49. Ng5 Rxa4 50. Kc3 Ra1 51. Kb2 Rf1 52. Nh3 Rf3 53. Ng5 Rxf4 0-1

[Event "FRA-chT U20 0203"]
[Site "Clichy"]
[Date "2003.01.05"]
[Round "7.9"]
[White "Pierre, Alexis"]
[Black "Berthelot, Maeva"]
[Result "1-0"]
[WhiteElo "1190"]
[BlackElo "1410"]
[PlyCount "42"]
[EventDate "2002.12.??"]
[EventType "team-tourn"]
[EventRounds "11"]
[EventCountry "FRA"]
[SourceTitle "EXT 2004"]
[Source "ChessBase"]
[SourceDate "2003.11.25"]
[SourceVersion "1"]
[SourceVersionDate "2003.11.25"]
[SourceQuality "1"]
[WhiteTeam "Mulhouse"]
[BlackTeam "Sautron"]
[WhiteTeamCountry "FRA"]
[BlackTeamCountry "FRA"]

1. d4 d5 2. c4 e6 3. Nc3 Nf6 4. Nf3 Be7 5. Bd2 0-0 6. e3 b6 7. Bd3 Bb7 8. 0-0 c5 9. Qc2 dxc4 10. Bxc4 cxd4 11. Nxd4 Qd6 12. Rfe1 Ng4 13. f4 e5 14. Nf5 Qc7 15. Nxe7+ Qxe7 16. Nd5 Qc5 17. Qe4 Rd8 18. Bb4 Bxd5 19. Red1 Qxb4 20. Bxd5 Qxe4 21. Bxe4 Nxe3 1-0

[Event "FRA-chT U20 0203"]
[Site "Clichy"]
[Date "2003.01.04"]
[Round "6.7"]
[White "Clementiaux, Lucas"]
[Black "Berthelot, Maeva"]
[Result "1/2-1/2"]
[WhiteElo "1350"]
[BlackElo "1410"]
[PlyCount "130"]
[EventDate "2002.12.??"]
[EventType "team-tourn"]
[EventRounds "11"]
[EventCountry "FRA"]
[SourceTitle "EXT 2004"]
[Source "ChessBase"]
[SourceDate "2003.11.25"]
[SourceVersion "1"]
[SourceVersionDate "2003.11.25"]
[SourceQuality "1"]
[WhiteTeam "Vandoeuvre"]
[BlackTeam "Sautron"]
[WhiteTeamCountry "FRA"]
[BlackTeamCountry "FRA"]

1. e4 e5 2. Nf3 Nc6 3. Bc4 Be7 4. d4 exd4 5. c3 Na5 6. Qxd4 Nxc4 7. Qxc4 Nf6 8. Bg5 0-0 9. 0-0 d5 10. exd5 Nxd5 11. Bxe7 Nxe7 12. Nbd2 a6 13. Rad1 Bd7 14. Rfe1 Bb5 15. Qe4 Nc6 16. Qc2 Qd3 17. Qxd3 Bxd3 18. Re3 Bb5 19. c4 Ba4 20. b3 Bxb3 21. axb3 a5 22. Ra1 f6 23. h3 Kf7 24. Ree1 Nb4 25. Rec1 Nd3 26. Rc2 Rfe8 27. Rca2 b6 28. Ra3 Nb4 29. Rc1 Nd3 30. Rca1 Nb4 31. Re1 Rf8 32. Rc1 Nd3 33. Rc3 Nf4 34. Re3 Rad8 35. Ra1 g5 36. Rae1 Rd7 37. g3 Nxh3+ 38. Kg2 g4 39. Nb1 gxf3+ 40. Kxh3 Rfd8 41. Rxf3 Rd3 42. Rxd3 Rxd3 43. Re3 Rd1 44. Na3 c6 45. Nc2 Rd2 46. Ne1 Rxf2 47. Nd3 Rd2 48. Nf4 Rd6 49. Rd3 Ke7 50. Kh4 Rxd3 51. Nxd3 Ke6 52. Kg4 f5+ 53. Kf4 h6 54. g4 fxg4 55. Kxg4 Kf6 56. Kf4 h5 57. Ne5 b5 58. Nxc6 bxc4 59. bxc4 a4 60. Nb4 h4 61. c5 Ke6 62. c6 Kd6 63. Kg4 a3 64. Kxh4 a2 65. Nxa2 Kxc6 1/2-1/2

[Event "FRA-chT U20 0203"]
[Site "Clichy"]
[Date "2003.01.04"]
[Round "5.9"]
[White "Viville, Maximilien"]
[Black "Berthelot, Maeva"]
[Result "0-1"]
[WhiteElo "1330"]
[BlackElo "1410"]
[PlyCount "94"]
[EventDate "2002.12.??"]
[EventType "team-tourn"]
[EventRounds "11"]
[EventCountry "FRA"]
[SourceTitle "EXT 2004"]
[Source "ChessBase"]
[SourceDate "2003.11.25"]
[SourceVersion "1"]
[SourceVersionDate "2003.11.25"]
[SourceQuality "1"]
[WhiteTeam "Bischwiller"]
[BlackTeam "Sautron"]
[WhiteTeamCountry "FRA"]
[BlackTeamCountry "FRA"]

1. e4 e5 2. Nf3 Nc6 3. d4 exd4 4. Nxd4 Nf6 5. Nc3 Be7 6. Nxc6 bxc6 7. Bd3 0-0 8. Bg5 d6 9. 0-0 Ng4 10. Bxe7 Qxe7 11. Be2 Qg5 12. f4 Qh4 13. h3 Ne3 14. Qe1 Qxe1 15. Rfxe1 Nxc2 16. Bd3 Nxa1 17. Rxa1 f5 18. e5 Re8 19. Re1 Bd7 20. Bc4+ Kh8 21. e6 d5 22. Bd3 Bxe6 23. Rc1 Rab8 24. b3 d4 25. Ne2 Rbd8 26. Rxc6 Rc8 27. Ng3 g6 28. Kh2 Bd7 29. Ra6 Ra8 30. Ra5 Re3 31. Bc4 c6 32. Nf1 Rc3 33. Re5 Re8 34. Ra5 Ra8 35. Re5 d3 36. Re1 Re8 37. Rd1 Be6 38. Bxd3 Rd8 39. Be2 Rxd1 40. Bxd1 Rc1 41. Ne3 Bd5 42. a4 Rb1 43. Bc2 Rc1 44. h4 Be4 45. Bd1 Rc3 46. Bc2 Rxe3 47. g3 Bxc2 0-1